afl preimers 1897-now - Statistics

General Stats
  • This quiz has been taken 161 times
  • The average score is 114 of 122
Answer Stats
year team % Correct
1 1897 essendon
98%
2 1901 essendon
98%
3 1911 essendon
98%
4 1912 essendon
98%
5 1923 essendon
98%
6 1924 essendon
98%
7 1942 essendon
98%
8 1946 essendon
98%
9 1949 essendon
98%
10 1950 essendon
98%
11 1962 essendon
98%
12 1965 essendon
98%
13 1984 essendon
98%
14 1985 essendon
98%
15 1993 essendon
98%
16 2000 essendon
98%
1 1997 adelaide
97%
2 1998 adelaide
97%
1 1906 carlton
97%
2 1907 carlton
97%
3 1908 carlton
97%
4 1914 carlton
97%
5 1915 carlton
97%
6 1938 carlton
97%
7 1945 carlton
97%
8 1947 carlton
97%
9 1968 carlton
97%
10 1970 carlton
97%
11 1972 carlton
97%
12 1979 carlton
97%
13 1981 carlton
97%
14 1982 carlton
97%
15 1987 carlton
97%
16 1995 carlton
97%
1 1961 hawthorn
97%
2 1971 hawthorn
97%
3 1976 hawthorn
97%
4 1978 hawthorn
97%
5 1983 hawthorn
97%
6 1986 hawthorn
97%
7 1988 hawthorn
97%
8 1989 hawthorn
97%
9 1991 hawthorn
97%
10 2008 hawthorn
97%
11 2013 hawthorn
97%
12 2014 hawthorn
97%
13 2015 hawthorn
97%
4 2005 sydney
97%
5 2012 sydney
97%
1 1992 west coast
97%
2 1994 west coast
97%
3 2006 west coast
97%
4 2018 west coast
97%
1 1902 collingwood
96%
2 1903 collingwood
96%
3 1910 collingwood
96%
4 1917 collingwood
96%
5 1919 collingwood
96%
6 1927 collingwood
96%
7 1928 collingwood
96%
8 1929 collingwood
96%
9 1930 collingwood
96%
10 1935 collingwood
96%
11 1936 collingwood
96%
12 1953 collingwood
96%
13 1958 collingwood
96%
14 1990 collingwood
96%
15 2010 collingwood
96%
1 2004 port adelaide
96%
1 1920 richmond
96%
2 1921 richmond
96%
3 1932 richmond
96%
4 1934 richmond
96%
5 1943 richmond
96%
6 1967 richmond
96%
7 1969 richmond
96%
8 1973 richmond
96%
9 1974 richmond
96%
10 1980 richmond
96%
11 2017 richmond
96%
2 2016 western bulldogs
96%
1 2001 brisbane
95%
2 2002 brisbane
95%
3 2003 brisbane
95%
1 1925 geelong
95%
2 1931 geelong
95%
3 1937 geelong
95%
4 1951 geelong
95%
5 1952 geelong
95%
6 1963 geelong
95%
7 2007 geelong
95%
8 2009 geelong
95%
9 2011 geelong
95%
1 1975 north melbourne
95%
2 1977 north melbourne
95%
3 1996 north melbourne
95%
1 1966 st kilda
92%
1 1900 melbourne
89%
2 1926 melbourne
89%
3 1939 melbourne
89%
4 1940 melbourne
89%
5 1941 melbourne
89%
6 1948 melbourne
89%
7 1955 melbourne
89%
8 1956 melbourne
89%
9 1957 melbourne
89%
10 1959 melbourne
89%
11 1960 melbourne
89%
12 1964 melbourne
89%
1 1898 fitzroy
84%
2 1899 fitzroy
84%
3 1904 fitzroy
84%
4 1905 fitzroy
84%
5 1913 fitzroy
84%
6 1916 fitzroy
84%
7 1922 fitzroy
84%
8 1944 fitzroy
84%
1 1909 south melbourne
76%
2 1918 south melbourne
76%
3 1933 south melbourne
76%
1 1954 footscray
70%
4 1999 north melboure
0%
No matching quizzes found
Score Distribution
Percent of People with Each Score
Percentile by Number Answered
Your Score History
You have not taken this quiz